Statistics for Literature by Letter - E

Click here to take the quiz!

General Stats

  • This quiz has been taken 11,518 times
    (11,497 since last reset)
  • The average score is 12 of 20

Answer Stats

HintAnswer% Correct
Opposite of a prologueEpilogue
97%
The capital of Oz{Emerald} City
94%
Brontë sister who wrote "Wuthering Heights"Emily
93%
Scrooge's first nameEbenezer
89%
Work that is vast, heroic, and long. "The Odyssey", for exampleEpic
88%
Jane Austen novel. (Hint: a woman's name)Emma
82%
Oscar Wilde play: The Importance of Being _______Earnest
81%
Legendary sword of King ArthurExcalibur
80%
This was written on cakes in "Alice in Wonderland"{Eat} {Me}
70%
This Greenland discoverer was the subject of an Icelandic sagaErik the Red
60%
Powerful wand owned by Dumbledore{Elder} Wand
57%
Funeral oration, or the carving on a tombstoneEpitaph
51%
One of the few Biblical books that follows a female characterEsther
48%
Using a mild term in place of a more explicit one. "With child", for exampleEuphemism
47%
First name of "Brideshead Revisited " author Waugh (also the name of his first wife)Evelyn
47%
Third book of the "Twilight" seriesEclipse
44%
Italian author of "The Name of the Rose"Umberto Eco
38%
Leader of the Transcendentalist movement and mentor of ThoreauRalph Waldo Emerson
28%
Boy detective featured in a series of children's books{Encyclopedia} Brown
25%
Hamlet's castleElsinore
20%

Score Distribution

Percentile by Number Answered

Percent of People with Each Score

Your Score History

You have not taken this quiz since the last reset